Central Library OPAC University of Rajshahi

ظهر الإسلام /;; Ẓuhr al-Islām. / (Record no. 79245)

MARC details
000 -LEADER
fixed length control field 01698nam a2200253 a 4500
001 - CONTROL NUMBER
control field 79245
003 - CONTROL NUMBER IDENTIFIER
rucl marc code BD-RjUL
005 - DATE AND TIME OF LATEST TRANSACTION
control field 20240211143323.0
008 - FIXED-LENGTH DATA ELEMENTS--GENERAL INFORMATION
fixed length control field 220124s19621952ua ab b 001 0 ara d
035 ## - SYSTEM CONTROL NUMBER
System control number (BD-RjUL)79245
040 ## - CATALOGING SOURCE
Original cataloging agency FUG
Transcribing agency FUG
Modifying agency CStRLIN
-- CU-SB
-- UkOxU
Language of cataloging eng
041 ## - LANGUAGE CODE
Language code of text/sound track or separate title ara
082 ## - DEWEY DECIMAL CLASSIFICATION NUMBER
Edition number 23
Classification number 297.09
Author mark and year AMJ 1952-1962
100 1# - MAIN ENTRY--PERSONAL NAME
Personal name Amīn, Aḥmad,;; أمين، أحمد.
Dates associated with a name 1886-1954.
9 (RLIN) 250224
245 10 - TITLE STATEMENT
Title ظهر الإسلام /;; Ẓuhr al-Islām. /
Statement of responsibility, etc. تأليف أحمد أمين.;; taʼlīf Aḥmad Amīn.
250 ## - EDITION STATEMENT
Edition statement 3rd.ed. ;; الطبعة الثالثة
260 ## - PUBLICATION, DISTRIBUTION, ETC. (IMPRINT)
Place of publication, distribution, etc. al-Qāhirah ;; :القاهرة :
Name of publisher, distributor, etc. Maktabat al-Nahḍah al-Miṣrīyah;; ,مكتبة النهضة المصرية،
Date of publication, distribution, etc. 1962
300 ## - PHYSICAL DESCRIPTION
Pagination v. :
Illustrations ill., folded maps ;
Size 24 cm.
504 ## - BIBLIOGRAPHY, ETC. NOTE
Bibliography, etc Includes bibliographical references and indexes.
505 0# - FORMATTED CONTENTS NOTE
Formatted contents note al-Juzʼ 1. al-Ḥālah al-ijtimāʿīyah wa-marākiz al-ḥayāh al-ʿaqlīyah min ʿahd al-Mutawakkil ilá ākhir al-qarn al-rābiʿ al-hijrī -- al-juzʼ 2. Tārīkh al-ʿulūm wa-al-ādāb wa-al-funūn fī al-qarn al-rābiʿ al-hijrī -- al-juzʼ 3. al-Ḥayāh al-ʿaqlīyah fī al-Andalus min fatḥ al-ʿArab la-hā ilá khurūjihim minhā, wa-yatakallamu fī al-ḥarakāt al-dīnīyah wa-al-lughawīyah wa-al-naḥwīyah wa-al-adabīyah wa-al-falsafīyah wa-al-tārīkhīyah wa-al-fannīyah -- al-juzʼ 4. al-Madhāhib wa-al-ʿaqāʼid wa-taṭawwuruhā wa-fī al-ṣirāʿ baynahā, wa-fī al-marḥalah al-akhīrah min tadwīnihā fī mutūn thumma sharḥ hādhihi al-mulakhkhaṣāt, maʿa naẓarāt fī mustaqbal al-madhāhib al-Islāmīyah.
650 #0 - SUBJECT ADDED ENTRY--TOPICAL TERM
Topical term or geographic name as entry element Islamic civilization.
9 (RLIN) 250225
Topical term or geographic name as entry element Islam.
9 (RLIN) 250226
942 ## - ADDED ENTRY ELEMENTS (KOHA)
Source of classification or shelving scheme Dewey Decimal Classification
Koha item type Books
Holdings
Lost status Source of classification or shelving scheme Damaged status Not for loan Collection code Permanent Location Current Location Shelving location Date acquired Source of acquisition Cost, normal purchase price Total Checkouts Full call number Date last seen Copy number Koha item type Coded location qualifier
  Dewey Decimal Classification   Not For Loan Non-fiction Central Library, University of Rajshahi Central Library, University of Rajshahi Reading Room 02/04/1967 Maktubat I Ishaqia, 75.00   A 297.09 AMJ V-2 1962 24/01/2022 C-1 Books  
  Dewey Decimal Classification   Not For Loan Non-fiction Central Library, University of Rajshahi Central Library, University of Rajshahi Reading Room   Maktubat i Ishaqia,     A 297.09 AMJ V-1 1952 27/12/2022 C-1 Books 75.00